000 01092cim a22002655a 4500
001 L145727
008 081104s1996 xxk fh 000 0 eng d
035 _a(Sirsi) u145727
041 0 _aeng
110 2 _aRoyal Institution of Chartered Surveyors
_94900
245 0 0 _aProperty update
_h[sound recording]
260 _aLondon
_bRICS
_c1997
300 _a1 audio cassette
490 0 _aRICS Soundtrack Property Update
_v2(3) Spring 1997
505 2 _aSide 1: changes in capital allowances for investment companies; changes in rating law; providing for household growth; legal update
505 2 _aSide 2: implications of the discrimination act; management consultancy opportunities; residential estate agency code; RICS practice panel update
520 _aCassette forms part of a quarterly series on property development, management and legislation.
521 _aAdvanced
590 _aKA
651 4 _aUnited Kingdom
_y
690 _aPROPERTY
710 1 _aCollege of Estate Management
_9400
856 4 8 _aAudio Visual materials can only be used in the library.
942 _n0
999 _c108882
_d108882